El apogeo del capitalismo / (Record no. 145055)

MARC details
000 -LEADER
campo de control de longitud fija 00880nam a2200229 4500
001 - NÚMERO DE CONTROL
campo de control 145055
003 - IDENTIFICADOR DE NÚMERO DE CONTROL
campo de control ES-MaACL
007 - CAMPO FIJO DE DESCRIPCIÓN FÍSICA--INFORMACIÓN GENERAL
campo de control de longitud fija t|
008 - DATOS DE LONGITUD FIJA--INFORMACIÓN GENERAL
campo de control de longitud fija 070214s1946 mx r ||||1| spa d
100 1# - ENTRADA PRINCIPAL--NOMBRE DE PERSONA
Nombre de persona Sombart, Werner.
9 (RLIN) 107262
245 13 - MENCIÓN DEL TÍTULO
Título El apogeo del capitalismo /
Mención de responsabilidad, etc. Werner Sombart ; [versión directa por José Urbano Guerrero y Vicente Caridad].
250 ## - MENCION DE EDICION
Mención de edición [1ª ed.].
260 ## - PUBLICACIÓN, DISTRIBUCIÓN, ETC.
Lugar de publicación, distribución, etc. México :
Nombre del editor, distribuidor, etc. Fondo de Cultura Económica,
Fecha de publicación, distribución, etc. 1946 (
Fabricante Gráf. Panamericana)
300 ## - DESCRIPCIÓN FÍSICA
Extensión 2 v. ;
Dimensiones 25 cm.
490 1# - MENCIÓN DE SERIE
Mención de serie Las obras maestras de la Economía
500 ## - NOTA GENERAL
Nota general Vol. I / versión directa por José Urbano Guerrero -------- Vol. II / versión directa por Vicente Caridad.
700 1# - ENTRADA AGREGADA--NOMBRE PERSONAL
Nombre de persona Urbano Guerrero, José.
9 (RLIN) 112078
700 1# - ENTRADA AGREGADA--NOMBRE PERSONAL
Nombre de persona Caridad, Vicente.
9 (RLIN) 35241
830 0# - PUNTO DE ACCESO ADICIONAL DE SERIE-TÍTULO UNIFORME
Título uniforme Las obras maestras de la Economía
9 (RLIN) 187391
852 ## - LOCALIZACIÓN
Ubicación ES-MaACL
Número de control de estantería E-1796-7
Sublocalización o colección R.22617
Holdings
Estatus retirado Estado de pérdida Estado de daño No para préstamo Biblioteca de origen Biblioteca actual Ubicación en estantería Fecha de adquisición Fuente de adquisición Total de préstamos Signatura topográfica completa Código de barras Visto por última vez Precio de reemplazo Tipo de ítem Koha
        Biblioteca del Ateneo de Madrid Biblioteca del Ateneo de Madrid Depósito 2 17/01/2008     E-1796-7 1151417 23/02/2023 23/02/2023 Libro impreso